| 000 | 00352nam a2200145 a 4500 | ||
|---|---|---|---|
| 001 | 752 | ||
| 003 | CDMR | ||
| 005 | 20130116135157.0 | ||
| 008 | 130130s ||||||||||||||||||||||||||||d | ||
| 040 |
_aCDMR _bcat _cCDMR |
||
| 100 | 1 |
_aMartínez Almoyna, Julio _9582 |
|
| 245 | 1 | 0 | _aDicionário de português-espanhol |
| 260 |
_aPorto _bPorto Editora |
||
| 942 | _cMON | ||
| 999 |
_c752 _d752 |
||